Statistics for Top 10 Los Angeles Kings of all time

Click here to take the quiz!

General Stats

  • This quiz has been taken 27 times
  • The average score is 7 of 10

Answer Stats

RankPositionYears ActiveStatsAnswer% Correct
1C1988-1996529 GP - 246 G - 918 PTSWayne Gretzky
95%
3D2008-919 GP - 117 G - 502 PTSDrew Doughty
86%
6C2006-1073 GP - 333 G - 950 PTSAnže Kopitar
82%
4LW1986-1994, 1997-2001, 2003-20061077 GP - 557 G - 1154 PTSLuc Robitaille
82%
2C1975-1987921 GP - 550 G - 1307 PTSMarcel Dionne
82%
8G2007-325-240-67 - 2.39 GAA - .913 SP%Jonathan Quick
73%
5D1990-2001, 2006-2008805 GP - 161 G - 494 PTSRob Blake
73%
9RW1977-19941111 GP - 431 G - 1069 PTSDave Taylor
64%
7C1981-1990602 GP - 327 G - 758 PTSBernie Nicholls
50%
10C1969-1980736 GP - 275 G - 659 PTSButch Goring
23%

Score Distribution

Percentile by Number Answered

Percent of People with Each Score

Your Score History

You have not taken this quiz